书目信息 |
| 题名: |
精细化工技术进展与市场分析
|
|
| 作者: | 钱伯章 , 王祖纲 编 | |
| 分册: | ||
| 出版信息: | 北京 化学工业出版社 2005 |
|
| 页数: | 696页 | |
| 开本: | 26cm | |
| 丛书名: | ||
| 单 册: | ||
| 中图分类: | TQ072 , F767 | |
| 科图分类: | ||
| 主题词: | 精细化工--化工产品--技术开发 , 精细化工--化工产品--市场需求分析 , 精细化工 , 化工产品 , 技术开发 , 市场需求分析 | |
| 电子资源: | ||
| ISBN: | 7-5025-6274-5 | |
| 000 | 00994nam0 2200325 450 | |
| 001 | 002841377 | |
| 005 | 20080303094805.28 | |
| 010 | @a7-5025-6274-5@dCNY128.00 | |
| 035 | @a002841377 | |
| 100 | @a20050221d2005 em y0chiy0110 ea | |
| 101 | 0 | @achi |
| 102 | @aCN@b110000 | |
| 105 | @ay z 000yy | |
| 106 | @ar | |
| 200 | 1 | @a精细化工技术进展与市场分析@Ajing xi hua gong ji shu jin zhan yu shi chang fen xi@f钱伯章,王祖纲编 |
| 210 | @a北京@c化学工业出版社@d2005 | |
| 215 | @a696页@d26cm | |
| 330 | @a本书全面介绍近年来国内外精细化工领域的技术进步和市场信息,阐述精细化工原料和中间体的生产技术与应用市场。 | |
| 606 | 0 | @a精细化工@x化工产品@x技术开发 |
| 606 | 0 | @a精细化工@x化工产品@x市场需求分析 |
| 606 | 0 | @a精细化工 |
| 606 | 0 | @a化工产品 |
| 606 | 0 | @a技术开发 |
| 606 | 0 | @a市场需求分析 |
| 690 | @aTQ072@v4 | |
| 690 | @aF767@v4 | |
| 701 | 0 | @a钱伯章@Aqian bo zhang@4编 |
| 701 | 0 | @a王祖纲@Awang zu gang@4编 |
| 801 | 0 | @aCN@bNLC@c20080303 |
| 905 | @dTQ072@e172@f2 | |
| 精细化工技术进展与市场分析/钱伯章,王祖纲编.-北京:化学工业出版社,2005 |
| 696页;26cm |
| ISBN 7-5025-6274-5:CNY128.00 |
| 本书全面介绍近年来国内外精细化工领域的技术进步和市场信息,阐述精细化工原料和中间体的生产技术与应用市场。 |
| ● |
| 相关链接 |
|
|
|
|
正题名:精细化工技术进展与市场分析
索取号:TQ072/172
 
预约/预借
| 序号 | 登录号 | 条形码 | 馆藏地/架位号 | 状态 | 备注 |
| 1 | 0614689 | 206146892 | 第二样本阅览室/ [索取号:TQ072/172] | 在馆 | |
| 2 | 0614690 | 206146909 | 第三借阅区/ [索取号:TQ072/172] | 在馆 |